| 000 | 00560nam a2200193Ia 4500 | ||
|---|---|---|---|
| 008 | 151121s9999||||xx |||||||||||||| ||und|| | ||
| 082 | _a300।92 /COM | ||
| 082 | _bHNW-66856 | ||
| 100 | _aComins & Linscoft Robert N।-Edi। | ||
| 245 | 4 | _aThe Social philosophers | |
| 260 | _b"Modern Pocket Library, New York" | ||
| 260 | _c-- | ||
| 300 | _a496 | ||
| 600 | _aComins & Linscoft Robert N।-Edi। | ||
| 630 | _aThe Social philosophers | ||
| 700 | _aComins & Linscoft Robert N।-Edi। | ||
| 730 | _aThe Social philosophers | ||
| 942 | _cBOOK | ||
| 999 |
_c1248352 _d1248349 |
||